000 00790nam a2200277 a 4500
003 AR-BaBNM
005 20251128203652.0
008 082120s2002 ||||||||||||||000 | spa||
040 _cAR-BaBNM
100 1 _aBannatyne, Alexander
245 0 0 _aLa lectura
_bun proceso auditivo vocal
250 _a1ª ed.
260 _aBuenos Aires
_bEditorial Médica Panamericana
_c1978
300 _a94 p.
_bil.
650 4 _aEDUCACION ESPECIAL
650 4 _aFONETICA
650 4 _aESCRITURA FONETICA
650 4 _aDIFICULTADES EN EL APRENDIZAJE
650 4 _aENSEÑANZA DE LA LECTURA
650 4 _aTECNICAS DE ENSEÑANZA
650 4 _aMOTIVACION DEL ALUMNO
700 1 _aBernaldo de Quirós, Julio
_eprologuista
700 1 _aGolman, Sofía
_etraductor
942 _cBK
998 _cCarmen
999 _c4408
_d4408